Facts and mysteries in elementary particle physics (Record no. 7759)
[ view plain ]
| 000 -LEADER | |
|---|---|
| fixed length control field | 00483 a2200157 4500 |
| 020 ## - INTERNATIONAL STANDARD BOOK NUMBER | |
| International Standard Book Number | 981238149X |
| 020 ## - INTERNATIONAL STANDARD BOOK NUMBER | |
| International Standard Book Number | 9812381481 |
| 040 ## - CATALOGING SOURCE | |
| Original cataloging agency | DLC |
| Language of cataloging | DLC |
| 100 1# - MAIN ENTRY--PERSONAL NAME | |
| Personal name | Veltman, Martinus. |
| 245 10 - TITLE STATEMENT | |
| Title | Facts and mysteries in elementary particle physics |
| Statement of responsibility, etc. | Martinus J.G. Veltman. |
| 260 ## - PUBLICATION, DISTRIBUTION, ETC. | |
| Place of publication, distribution, etc. | River Edge, NJ : |
| Name of publisher, distributor, etc. | World Scientific Pub., |
| Date of publication, distribution, etc. | c2003. |
| 300 ## - PHYSICAL DESCRIPTION | |
| Extent | viii, 340 p. : |
| Other physical details | ill. ; |
| Dimensions | 23 cm. |
| 500 ## - GENERAL NOTE | |
| General note | Includes index. |
| 650 #0 - SUBJECT ADDED ENTRY--TOPICAL TERM | |
| Topical term or geographic name entry element | Particles (Nuclear physics) |
| 942 ## - ADDED ENTRY ELEMENTS (KOHA) | |
| Koha item type | Book |
| Call number prefix | 539.72 VEL |
| Source of classification or shelving scheme | |
| Withdrawn status | Lost status | Damaged status | Not for loan | Collection code | Permanent Location | Current Location | Shelving location | Date acquired | Source of acquisition | Cost, normal purchase price | Total Checkouts | Full call number | Barcode | Date last seen | Date last checked out | Price effective from | Koha item type | Total Renewals |
|---|---|---|---|---|---|---|---|---|---|---|---|---|---|---|---|---|---|---|
| Central Library (CL) | Central Library (CL) | General Stacks | 05/05/2005 | Academic Book Company | 3056.84 | 1 | 539.72 VEL | SEECS005627 | 10/12/2015 | 09/16/2015 | 01/05/2017 | Book | ||||||
| Central Library (CL) | Central Library (CL) | General Stacks | 08/17/2005 | Academic Book company | 3056.84 | 1 | 539.72 VEL | SEECS006306 | 03/09/2023 | 06/28/2021 | 01/05/2017 | Book | 2 |
